Natale in terra straniera - Spettacolo per bambini (Record n. 102440)

Dettagli MARC
000 -LEADER
fixed length control field 01311njm a2200313Ia 4500
001 - CONTROL NUMBER
control field H6004
003 - CONTROL NUMBER IDENTIFIER
control field IT-RoPAU
005 - DATE AND TIME OF LATEST TRANSACTION
control field 20220918181154.0
008 - FIXED-LENGTH DATA ELEMENTS--GENERAL INFORMATION
fixed length control field 131025s9999 xx 000 0 und d
040 ## - CATALOGING SOURCE
Original cataloging agency IT-RoPAU
040 ## - CATALOGING SOURCE
Transcribing agency IT-RoPAU
041 ## - LANGUAGE CODE
Language code of text/sound track or separate title ITALIANO
999 ## - SYSTEM CONTROL NUMBERS (KOHA)
Koha Dewey Subclass [OBSOLETE] n.d.
100 ## - MAIN ENTRY--PERSONAL NAME
Personal name Di Mario Angelo
9 (RLIN) 853
100 ## - MAIN ENTRY--PERSONAL NAME
Relator term Autore musica
9 (RLIN) 33574
100 ## - MAIN ENTRY--PERSONAL NAME
Miscellaneous information Codice autore musica SPICS: 10868
9 (RLIN) 855
245 ## - TITLE STATEMENT
Title Natale in terra straniera - Spettacolo per bambini
250 ## - EDITION STATEMENT
Edition statement 1a ed.
260 ## - PUBLICATION, DISTRIBUTION, ETC. (IMPRINT)
Place of publication, distribution, etc. MILANO
260 ## - PUBLICATION, DISTRIBUTION, ETC. (IMPRINT)
Name of publisher, distributor, etc. MULTIMEDIA SAN PAOLO
Date of publication, distribution, etc. 2005 [1a Ed.:2005 - Ed. Lingua Orig.: 2005]
300 ## - PHYSICAL DESCRIPTION
Extent SPARTITO MUSICALE
300 ## - PHYSICAL DESCRIPTION
Dimensions (Testo: 32 pag.)
500 ## - GENERAL NOTE
General note Spartito musicale. Spettacolo natalizio per bambini. Tra le varie canzoni ci sono i testi per lo spettacolo.
505 ## - FORMATTED CONTENTS NOTE
Formatted contents note Santa Lucia luntan (E.A. Mario) - Terra amata - Naufragio del Sirio - Mamma mia, dammi cento lire (Anonimo) - Minatori non partite - Lacreme napulitane (Bongiovanni-Bosio) - Voglio cantar - E' Natale brava gente - Sinfonia natalizia.
511 ## - PARTICIPANT OR PERFORMER NOTE
Participant or performer note Coro le Piccole Voci di Angelo Di Mario
650 ## - SUBJECT ADDED ENTRY--TOPICAL TERM
Topical term or geographic name as entry element RELIGIOSO/RECIT [SPARTITI MUSICALI]
Relator term Codice MATERIA SPICS: 9953
9 (RLIN) 33575
700 ## - ADDED ENTRY--PERSONAL NAME
Personal name Di Mario Angelo
Relator term Autore testo e musica
Miscellaneous information Codice autore testo/musica SPICS: 10868
9 (RLIN) 33576
942 ## - ADDED ENTRY ELEMENTS (KOHA)
Koha item type SPARTITI
Source of classification or shelving scheme Dewey Decimal Classification
Dati di copia
Withdrawn status Lost status Damaged status Not for loan Home library Current library Date acquired Total Checkouts Full call number Date last seen Price effective from Koha item type Public note
    Buone Condizioni Not For Loan SPICS-MEDIATECA SPICS-MEDIATECA 25/10/2013   H6004 25/10/2013 25/10/2013 SPARTITI Progr. Ins.: 23103 / N.Vol.: 1 / Copie: 1 - Copia rara: n.d. / date import: 01.01.2014 - By Epidotti, Trombetti, Vaglietti
CREDITS: SOCIETA' SAN PAOLO Via A.Severo, 58 - ROMA (RM) & PERIODICI SAN PAOLO SRL Via Giotto, 36 MILANO & CISF Via Giotto, 36 MILANO & EDIZIONI SAN PAOLO SRL,  Piazza Soncino, 5 CINISELLO BALSAMO (MI) -- ITALY